000 00979nac a22003015a 4500
008 150817t2003 n a fr 001 0 eng d
010 _a 2002019602
020 _a0130480541
020 _a9780130480545
035 _a(OCoLC)ocm48892651
040 _aEG-ScBUE
_beng
_cEG-ScBUE
082 0 4 _a690
_bGOU
_222
100 1 _aGould, Frederick E.,
245 1 0 _aConstruction project management /
_cFrederick E. Gould, Nancy E. Joyce.
250 _a2nd ed.
260 _aUpper Saddle River, New Jersey :
_bPrentice Hall,c2003.
_cc.2003.
300 _axix, 426 p. :
_bill. ;
_c25 cm.
500 _aIndex : p. 413-426.
500 _aDistributer: Baccah.
504 _aIncludes bibliographic references.
590 _aCatalogued By: Mostafa El-Helaly
650 0 _aBuilding
_xSuperintendence.
_2BUEsh
650 0 _aProject management.
_2BUEsh
651 _2BUEsh
653 _cAugust2015
700 1 _aJoyce, Nancy
_q(Nancy Eleanor)
_920006
942 _cTB
_k690GOU
_2ddc
999 _c7760
_d7760